[Event "IBCA World-chT blind 9th"]
[Site "Ohrid"]
[Date "2022.07.04"]
[Round "7.4"]
[White "Thevenet, Yannick"]
[Black "Tazbir, Marcin"]
[Result "1/2-1/2"]
[WhiteElo "1983"]
[BlackElo "2506"]
[PlyCount "54"]
[EventDate "2022.06.28"]
[EventType "team-swiss"]
[EventRounds "9"]
[EventCountry "MKD"]
[SourceTitle "EXT 2024"]
[Source "ChessBase"]
[SourceDate "2023.10.10"]
[SourceVersion "1"]
[SourceVersionDate "2023.10.10"]
[SourceQuality "1"]
[WhiteTeam "France"]
[BlackTeam "Poland"]
[WhiteTeamCountry "FRA"]
[BlackTeamCountry "POL"]

1. e4 d5 2. exd5 Nf6 3. c4 c6 4. d4 cxd5 5. Nc3 g6 6. h4 Nc6 7. h5 dxc4 8. hxg6 Qxd4 9. gxf7+ Kxf7 10. Be3 Qxd1+ 11. Rxd1 Ne5 12. Rh4 Rg8 13. Nh3 Rg4 14. Rd4 Rxh4 15. Ng5+ Kg6 16. Rxh4 Nd3+ 17. Bxd3+ cxd3 18. Rd4 b6 19. Rxd3 h6 20. Rd8 Bg7 21. Ne6 Bb7 22. Rxa8 Bxa8 23. Nxg7 Kxg7 24. f3 Bc6 25. Kf2 e5 26. a4 Kg6 27. b4 e4 1/2-1/2

[Event "IBCA World-chT blind 9th"]
[Site "Ohrid"]
[Date "2022.07.02"]
[Round "5.4"]
[White "Turicnik, Vlado"]
[Black "Thevenet, Yannick"]
[Result "0-1"]
[WhiteElo "1961"]
[BlackElo "1983"]
[PlyCount "34"]
[EventDate "2022.06.28"]
[EventType "team-swiss"]
[EventRounds "9"]
[EventCountry "MKD"]
[SourceTitle "EXT 2024"]
[Source "ChessBase"]
[SourceDate "2023.10.10"]
[SourceVersion "1"]
[SourceVersionDate "2023.10.10"]
[SourceQuality "1"]
[WhiteTeam "Slovenia"]
[BlackTeam "France"]
[WhiteTeamCountry "SLO"]
[BlackTeamCountry "FRA"]

1. e4 e5 2. Nf3 Nc6 3. Bb5 f5 4. d3 fxe4 5. dxe4 Nf6 6. 0-0 Bc5 7. Qd3 d6 8. c3 Bd7 9. Bg5 h6 10. Be3 Bxe3 11. Qxe3 0-0 12. Nbd2 Qe8 13. Ne1 Nh5 14. Nd3 Qg6 15. Rae1 Nf4 16. Nxf4 exf4 17. Qd3 Ne5 0-1

[Event "Guegnon op"]
[Site "Guegnon"]
[Date "2004.02.29"]
[Round "5"]
[White "Marholev, Dimitar"]
[Black "Thevenet, Yannick"]
[Result "1-0"]
[WhiteElo "2412"]
[BlackElo "2138"]
[PlyCount "53"]
[EventDate "2004.02.28"]
[EventType "swiss"]
[EventRounds "6"]
[EventCountry "FRA"]
[SourceTitle "CBM 099 Extra"]
[Source "ChessBase"]
[SourceDate "2004.05.04"]
[SourceVersion "1"]
[SourceVersionDate "2004.05.04"]
[SourceQuality "1"]

1. e4 e5 2. Nf3 Nc6 3. Bb5 a6 4. Ba4 Bc5 5. 0-0 d6 6. c3 f6 7. d4 Ba7 8. h3 Nge7 9. Be3 b5 10. Bc2 Ng6 11. a4 Nce7 12. axb5 axb5 13. dxe5 Bxe3 14. Rxa8 Bb6 15. exf6 gxf6 16. Bb3 Nf4 17. Nd4 d5 18. Qf3 Qd6 19. exd5 Bxd4 20. cxd4 Kf7 21. Nc3 Neg6 22. Ne4 Qb6 23. Rc1 Bxh3 24. Rxh8 Bxg2 25. Rxc7+ Qxc7 26. d6+ Kg7 27. Rg8+ 1-0

[Event "Hyeres op"]
[Site "Hyeres"]
[Date "2001.07.09"]
[Round "3"]
[White "Thevenet, Yannick"]
[Black "Bernal Moro, Luis Javier"]
[Result "0-1"]
[WhiteElo "2148"]
[BlackElo "2387"]
[PlyCount "59"]
[EventDate "2001.07.07"]
[EventType "swiss"]
[EventRounds "9"]
[EventCountry "FRA"]
[SourceTitle "EXT 2002"]
[Source "ChessBase"]
[SourceDate "2001.11.25"]
[SourceVersion "1"]
[SourceVersionDate "2001.11.25"]
[SourceQuality "1"]

1. e4 c5 2. Nf3 e6 3. d4 cxd4 4. Nxd4 Nc6 5. Nc3 a6 6. Be3 Nge7 7. g4 b5 8. Qd2 Nxd4 9. Bxd4 Nc6 10. Be3 Bb7 11. f3 Rc8 12. h4 Ne5 13. Qg2 Qa5 14. Bd3 b4 15. Ne2 b3+ 16. Nc3 bxc2 17. Qxc2 Nxf3+ 18. Ke2 Ne5 19. g5 Bc5 20. Bd2 Nc6 21. Kf1 Nb4 22. Qb1 Nxd3 23. Qxd3 0-0 24. Ke2 Qc7 25. Raf1 d5 26. Rh3 dxe4 27. Nxe4 Qe5 28. Rf4 Rfd8 29. Qc3 Rd4 30. Re3 0-1

[Event "FRA-ch Accession"]
[Site "Narbonne "]
[Date "1997.??.??"]
[Round "5"]
[White "Colin, Vincent"]
[Black "Thevenet, Yannick"]
[Result "1/2-1/2"]
[WhiteElo "2150"]
[BlackElo "2020"]
[PlyCount "62"]
[EventDate "1997.08.??"]
[EventType "swiss"]
[EventRounds "11"]
[EventCountry "FRA"]
[SourceTitle "EXT 2021"]
[Source "ChessBase"]
[SourceDate "2020.10.23"]
[SourceVersion "1"]
[SourceVersionDate "2020.10.23"]
[SourceQuality "1"]

1. e4 e5 2. Nf3 Nc6 3. Bc4 Bc5 4. b4 Bxb4 5. c3 Be7 6. d4 exd4 7. Qb3 d6 8. Bxf7+ Kf8 9. cxd4 Na5 10. Qa4 Kxf7 11. Qxa5 c6 12. Qa4 h6 13. Qb3+ d5 14. Ne5+ Ke8 15. Qg3 g5 16. h4 dxe4 17. hxg5 Qxd4 18. gxh6 Bb4+ 19. Ke2 Ne7 20. Qg7 Rf8 21. Be3 Qxa1 22. h7 Bg4+ 23. f3 exf3+ 24. gxf3 Bxf3+ 25. Kf2 Qxa2+ 26. Nd2 Bxh1+ 27. Qxf8+ Kxf8 28. h8Q+ Qg8 29. Qxh1 Nf5 30. Ne4 Rd8 31. Bh6+ Ke7 1/2-1/2

[Event "FRA-chT U18"]
[Site "France"]
[Date "1996.??.??"]
[Round "?"]
[White "Thevenet, Yannick"]
[Black "Defrance, Laurent"]
[Result "1/2-1/2"]
[WhiteElo "1870"]
[BlackElo "1820"]
[PlyCount "76"]
[EventDate "1996.??.??"]
[EventType "team"]
[EventRounds "11"]
[EventCountry "FRA"]
[SourceTitle "EXT 2004"]
[Source "ChessBase"]
[SourceDate "2003.11.25"]
[SourceVersion "1"]
[SourceVersionDate "2003.11.25"]
[SourceQuality "1"]

1. e4 e6 2. d4 d5 3. exd5 exd5 4. Bd3 Bd6 5. Ne2 Nf6 6. Bf4 0-0 7. 0-0 Re8 8. c3 Bxf4 9. Nxf4 Qd6 10. Ne2 Bg4 11. f3 Bh5 12. Ng3 Bg6 13. Bxg6 hxg6 14. Nd2 Nbd7 15. Nb3 Re7 16. Qd2 Rae8 17. Rfe1 Kf8 18. Kf2 b6 19. Rxe7 Qxe7 20. Re1 Qxe1+ 21. Qxe1 Rxe1 22. Kxe1 Ke7 23. Kd2 Nf8 24. Nc1 Ne6 25. Nge2 Kd6 26. Nd3 Nd7 27. Ndf4 Nxf4 28. Nxf4 Nf8 29. Kd3 Ne6 30. Nxe6 Kxe6 31. a4 Kf5 32. Ke3 f6 33. b4 a6 34. g3 b5 35. axb5 axb5 36. h4 g5 37. g4+ Ke6 38. hxg5 fxg5 1/2-1/2